000 00741nam a2200289Ia 4500
005 20260324143728.0
008 008 260324s9999 xx 000 0 eng d
020 _a9780429312151
037 _aEBOOK
040 _aCRL
040 _beng
040 _cCRL
041 _2eng
041 _aeng
084 _qCRL
100 _aYoung Koo Cha; William J Taylor Jr; Cha Young-Koo; John Q Blodgett
_91216714
245 4 _aThe Korean Peninsula
245 0 _bProspects For Arms Reduction Under Global Detente
260 _bTaylor and Francis
260 _c1991
365 _a
365 _b195
856 _uhttp://www.taylorfrancis.com/books/9780429312151
942 _cEBOOK
999 _c1822454
_d1822454